[Event "European Blitz-ch 2018"]
[Site "Skopje"]
[Date "2018.12.06"]
[Round "10"]
[White "Pershin, Denis"]
[Black "Bartel, Mateusz"]
[Result "1-0"]
[WhiteElo "2400"]
[BlackElo "2600"]
[Annotator "TA"]
[PlyCount "89"]
[EventDate "2018.12.06"]
[EventType "swiss"]
[EventCountry "MKD"]

1. e4 e5 2. Nf3 Nc6 3. Bc4 Nf6 4. Ng5 d5 5. exd5 Na5 6. Bb5+ c6 7. dxc6 bxc6 8. Bd3 h6 9. Ne4 Nd5 10. O-O Be7 11. Re1 O-O 12. Bf1 c5 13. d3 Nc6 14. Nbc3 Nf4 15. Bxf4 exf4 16. Nd2 Rb8 17. Nc4 Be6 18. Rb1 Nd4 19. Ne4 f3 20. g3 Bg4 21. Ne5 Bh5 22. c3 Ne2+ 23. Bxe2 fxe2 24. Qa4 Rb6 25. g4 Bd6 26. Nxd6 Rxd6 27. gxh5 Qg5+ 28. Qg4 Qxe5 29. Rxe2 Qd5 30. Rbe1 Qxd3 31. Re8 Rd8 32. Rxf8+ Kxf8 33. Qe4 Qd6 34. Qh7 f6 35. Qg6 Qd5 36. a3 Qd2 37. Re3 Qxb2 38. Qe4 Kg8 39. Qc4+ Kh8 40. Qxc5 Qb7 41. Re1 Qf3 42. Qe7 Rd5 43. Qe8+ Kh7 44. Qg6+ Kg8 45. Re8# 1-0

[Event "European Blitz-ch 2018"]
[Site "Skopje"]
[Date "2018.12.06"]
[Round "10"]
[White "Petkidis, Anthony"]
[Black "Kalezic, Blazo"]
[Result "0-1"]
[WhiteElo "2375"]
[BlackElo "2460"]
[Annotator "TA"]
[PlyCount "121"]
[EventDate "2018.12.06"]
[EventType "swiss"]
[EventCountry "MKD"]

1. e4 e6 2. d4 d5 3. Nd2 a6 4. Bd3 Nf6 5. e5 Nfd7 6. c3 c5 7. Ne2 Nc6 8. f4 b5 9. O-O g6 10. Nf3 Qb6 11. g4 h5 12. h3 hxg4 13. hxg4 Bb7 14. Be3 c4 15. Bc2 Be7 16. Kg2 O-O-O 17. Ng3 a5 18. Rh1 b4 19. Qd2 f5 20. exf6 Nxf6 21. g5 Ng4 22. Bxg6 Rhf8 23. Bh5 bxc3 24. bxc3 Nxe3+ 25. Qxe3 Qb2+ 26. Ne2 e5 27. fxe5 Rg8 28. Bg4+ Kc7 29. Kg3 Rg7 30. Nf4 Rdg8 31. Ne6+ Kb8 32. Nxg7 Rxg7 33. Bf5 Ka7 34. Rhb1 Qa3 35. Rb5 Bb4 36. Rb1 Ne7 37. Kg4 Nxf5 38. Kxf5 Bc8+ 39. Kf4 Be7 40. Kg3 Qxa2 41. Qd2 Qa4 42. Qd1 Qa3 43. Qc1 Qxc1 44. Rxa5+ Ba6 45. Rxc1 Kb6 46. Rxd5 Bc8 47. Rb1+ Kc6 48. Rdb5 Bf5 49. d5+ Kd7 50. Rb7+ Ke8 51. Rb8+ Kf7 52. R1b7 Kg6 53. d6 Bf8 54. Nh4+ Kxg5 55. Rxg7+ Bxg7 56. Nxf5 Bxe5+ 57. Kf3 Kxf5 58. Rf8+ Ke6 59. Rc8 Bxc3 60. Rxc4 Be5 61. Rc6 0-1

[Event "European Blitz-ch 2018"]
[Site "Skopje"]
[Date "2018.12.06"]
[Round "10"]
[White "Ozen, Bahadir"]
[Black "Erdos, Viktor"]
[Result "0-1"]
[WhiteElo "2349"]
[BlackElo "2605"]
[PlyCount "52"]
[EventDate "2018.12.06"]
[EventType "swiss"]
[EventCountry "MKD"]

1. d4 Nf6 2. c4 g6 3. Nc3 d5 4. Bf4 Bg7 5. e3 O-O 6. Nf3 c5 7. dxc5 Ne4 8. Rc1 Nd7 9. cxd5 Qa5 10. Nd4 Ndxc5 11. Bc4 Nxc3 12. bxc3 Bd7 13. O-O Rac8 14. Bb3 Nxb3 15. Qxb3 b5 16. Qb4 Qxa2 17. Qxe7 Qxd5 18. Rfd1 Rfe8 19. Nf5 Qxf5 20. Qxd7 Qxd7 21. Rxd7 a5 22. Ra7 Bxc3 23. Rb1 Ra8 24. Rxa8 Rxa8 25. Rxb5 a4 26. Bd6 Rd8 0-1

[Event "European Blitz-ch 2018"]
[Site "Skopje"]
[Date "2018.12.06"]
[Round "10"]
[White "Jovic, Stanoje"]
[Black "Sebenik, Matej"]
[Result "0-1"]
[WhiteElo "2240"]
[BlackElo "2536"]
[Annotator "TA"]
[PlyCount "58"]
[EventDate "2018.12.06"]
[EventType "swiss"]
[EventCountry "MKD"]

1. c4 c5 2. Nf3 g6 3. g3 Bg7 4. Bg2 Nc6 5. Nc3 e6 6. O-O Nge7 7. d4 Nxd4 8. Ne4 d6 9. e3 Nxf3+ 10. Bxf3 d5 11. cxd5 exd5 12. Qa4+ Bd7 13. Nd6+ Kf8 14. Qf4 Be6 15. e4 g5 16. Qxg5 Qxd6 17. Bf4 Qd7 18. Be5 Rg8 19. exd5 Bxd5 20. Rad1 Rd8 21. Bxd5 Nxd5 22. Rfe1 h6 23. Bxg7+ Rxg7 24. Qxh6 Qc6 25. Qh8+ Rg8 26. Qh4 Rd7 27. Re4 Qf6 28. Qh3 Rd8 29. Rde1 Qg6 0-1

[Event "European Blitz-ch 2018"]
[Site "Skopje"]
[Date "2018.12.06"]
[Round "10"]
[White "Abozenko, Georg"]
[Black "Pezelj, Novak"]
[Result "0-1"]
[WhiteElo "2079"]
[BlackElo "2475"]
[Annotator "TA"]
[PlyCount "113"]
[EventDate "2018.12.06"]
[EventType "swiss"]
[EventCountry "MKD"]

1. e4 d5 2. exd5 Nf6 3. Nf3 Nxd5 4. d4 Bg4 5. h3 Bxf3 6. Qxf3 c6 7. c3 e6 8. Bd3 Be7 9. O-O Nd7 10. Nd2 N7f6 11. Bc2 O-O 12. Rd1 Qc7 13. Ne4 Nxe4 14. Qxe4 Nf6 15. Qh4 g6 16. Bf4 Nd5 17. Bxc7 Bxh4 18. Be5 b5 19. a4 a6 20. Be4 Be7 21. Ra2 b4 22. Rc1 Bg5 23. Re1 bxc3 24. Bxd5 Bd2 25. Bxc6 c2 26. Rf1 Rac8 27. Bb7 c1=Q 28. Rxc1 Rxc1+ 29. Kh2 a5 30. Bd6 Rd8 31. Bc5 Rf1 32. Kg3 Be1 33. b3 Bc3 34. Bb6 Rb8 35. Ba6 Rd1 36. Be2 Rd2 37. Rxd2 Bxd2 38. Bc5 Rxb3+ 39. f3 Rb1 40. Bb5 Bb4 41. Bb6 Kf8 42. Kf2 Rb2+ 43. Kg3 Be1+ 44. Kh2 h5 45. Bc7 Ke7 46. Be5 Bc3 47. Bh8 Rd2 48. Bg7 f6 49. Bh6 g5 50. h4 Bxd4 51. hxg5 Be5+ 52. Kh3 Rd1 53. f4 Rh1+ 54. Kg3 Bc7 55. gxf6+ Kxf6 56. Bg5+ Kf5 57. Bd3# 0-1

[Event "European Blitz-ch 2018"]
[Site "Skopje"]
[Date "2018.12.06"]
[Round "10"]
[White "Bizopoulos, Alexandros"]
[Black "Markoja, Boris"]
[Result "0-1"]
[WhiteElo "2060"]
[BlackElo "2430"]
[Annotator "TA"]
[PlyCount "89"]
[EventDate "2018.12.06"]
[EventType "swiss"]
[EventCountry "MKD"]

1. d4 Nf6 2. Nf3 e6 3. g3 c5 4. Bg2 cxd4 5. Nxd4 d5 6. O-O e5 7. Nb3 Be6 8. Nc3 Be7 9. Bg5 Nbd7 10. Re1 O-O 11. e4 d4 12. Nb1 a5 13. a4 h6 14. Bxf6 Bxf6 15. Nc1 Rc8 16. Nd3 Qc7 17. c3 Nc5 18. Nxc5 Qxc5 19. Na3 dxc3 20. Rc1 Qb4 21. Nc2 Qxa4 22. Ra1 Qb5 23. bxc3 Rxc3 24. Bf1 Qc5 25. Ne3 Rd8 26. Qa4 b6 27. Reb1 Bg5 28. Rb5 Qd4 29. Qxd4 exd4 30. Nd5 Bxd5 31. Rxd5 Rxd5 32. exd5 Be7 33. Rd1 Bc5 34. Re1 Kf8 35. Bh3 g6 36. Bd7 d3 37. Ba4 d2 38. Rd1 Rd3 39. Bc6 Ke7 40. Kf1 Bb4 41. Ke2 Ra3 42. f4 Kd6 43. Rb1 Rc3 44. Rd1 Rc1 45. Rf1 0-1

[Event "European Blitz-ch 2018"]
[Site "Skopje"]
[Date "2018.12.07"]
[Round "11"]
[White "Navara, David"]
[Black "Lobanov, Sergei"]
[Result "0-1"]
[WhiteElo "2736"]
[BlackElo "2526"]
[PlyCount "132"]
[EventDate "2018.12.06"]
[EventType "swiss"]
[EventCountry "MKD"]

1. d4 d5 2. c4 c6 3. Nf3 Nf6 4. Nc3 e6 5. e3 Nbd7 6. Qc2 Bd6 7. b3 O-O 8. Bb2 Qe7 9. h3 b6 10. g4 Bb7 11. Bg2 Rac8 12. O-O c5 13. g5 Nh5 14. cxd5 exd5 15. Qd1 c4 16. Nd2 Qxg5 17. Qg4 Qxg4 18. hxg4 Nhf6 19. g5 Ne8 20. bxc4 Bb4 21. a3 Ba5 22. Rfd1 Nd6 23. Nxd5 Bxd5 24. Bxd5 Bxd2 25. Rxd2 Nxc4 26. Rc2 Nxb2 27. Rxb2 Rfd8 28. a4 Nf8 29. Bg2 Rd6 30. a5 h6 31. axb6 axb6 32. Rab1 Rb8 33. gxh6 Rxh6 34. Rb5 Rd6 35. Rc1 Nd7 36. Rc7 Kf8 37. Bc6 Ke7 38. d5 Kd8 39. Ra7 g5 40. f4 gxf4 41. exf4 Rc8 42. Rb2 Rc7 43. Ra8+ Rc8 44. Ra7 Rc7 45. Ra6 Nb8 46. Ra8 Rc8 47. Rh2 Ke7 48. Re2+ Kf6 49. Bb7 Rcd8 50. Kf2 b5 51. Rb2 Rb6 52. Ra7 Rd7 53. Ra8 Rdxb7 54. Ke3 Rc7 55. Rb4 Nd7 56. Kd4 Rc1 57. Ra7 Rd1+ 58. Ke4 Nc5+ 59. Kf3 Rxd5 60. Rc7 Ne6 61. Ra7 Rd4 62. Rb1 Rxf4+ 63. Ke3 Rf5 64. Rh1 Re5+ 65. Kf3 b4 66. Rh7 Ng5+ 0-1

[Event "European Blitz-ch 2018"]
[Site "Skopje"]
[Date "2018.12.07"]
[Round "11"]
[White "Cheparinov, Ivan"]
[Black "Maier, Christian"]
[Result "1-0"]
[WhiteElo "2709"]
[BlackElo "2340"]
[Annotator "TA"]
[PlyCount "143"]
[EventDate "2018.12.06"]
[EventType "swiss"]
[EventCountry "MKD"]

1. Nf3 d6 2. d4 Bg4 3. e4 Nf6 4. Nc3 c6 5. h3 Bh5 6. g4 Bg6 7. Qe2 Nbd7 8. Bf4 Qa5 9. O-O-O e5 10. Bd2 Qc7 11. Bg2 Be7 12. Kb1 O-O-O 13. Rhe1 Kb8 14. Bc1 Rhe8 15. g5 Nh5 16. Nh4 Bf8 17. d5 Nf4 18. Bxf4 exf4 19. Qg4 Rc8 20. Qxf4 cxd5 21. Nxg6 hxg6 22. Qxf7 Re7 23. Qxd5 Re5 24. Qd2 Nb6 25. Bf1 Rc5 26. Rc1 Be7 27. f4 a6 28. Re3 d5 29. e5 Rd8 30. Ree1 Rc6 31. Nd1 d4 32. Bd3 Na4 33. Ka1 Rb6 34. Be4 Bb4 35. Qe2 Qc5 36. Rb1 Qa5 37. Rf1 Rc8 38. Qd3 Qc5 39. e6 Rb5 40. e7 Qxe7 41. Bxg6 Ra5 42. Qb3 Qc5 43. Bf7 Qb6 44. f5 Nc5 45. Qd5 Rd8 46. Qc4 Rc8 47. f6 Nd7 48. Qb3 Nc5 49. Qc4 Na4 50. Qe6 Rc6 51. Qb3 gxf6 52. Rxf6 Rxf6 53. gxf6 Nc5 54. Qd5 Na4 55. Qe6 Qc5 56. Be8 Nb6 57. f7 Ka7 58. Qb3 Nc4 59. f8=Q Qxf8 60. Qxc4 Bc5 61. Bf7 Qd6 62. Nf2 Bb6 63. Nd3 Rf5 64. Be6 Rf3 65. Bg4 Re3 66. a3 Re7 67. Rf1 Rc7 68. Qb3 Qc6 69. Kb1 Qe4 70. Rf7 Rxf7 71. Qxf7 a5 72. Bf3 1-0

[Event "European Blitz-ch 2018"]
[Site "Skopje"]
[Date "2018.12.07"]
[Round "11"]
[White "Mamedov, Rauf"]
[Black "Rusev, Krasimir"]
[Result "1-0"]
[WhiteElo "2703"]
[BlackElo "2520"]
[Annotator "RC"]
[PlyCount "103"]
[EventDate "2018.12.06"]
[EventType "swiss"]
[EventCountry "MKD"]

1. e4 c5 2. Nf3 d6 3. Nc3 Nc6 4. g3 g6 5. Bg2 Bg7 6. O-O e5 7. a3 Nge7 8. b4 O-O 9. bxc5 dxc5 10. d3 h6 11. Be3 b6 12. Nd5 Be6 13. c4 Kh7 14. Nd2 Rc8 15. a4 f5 16. Nb3 a5 17. Rb1 Nb4 18. Bh3 Nexd5 19. cxd5 Bd7 20. exf5 gxf5 21. Bd2 Bxa4 22. Qh5 Bd7 23. Rfe1 Qe8 24. Qe2 Qg6 25. Bxb4 cxb4 26. Nd2 Rc2 27. Qd1 Rc5 28. Bg2 b5 29. Nb3 Rc3 30. Nxa5 Qd6 31. Nc6 Bxc6 32. dxc6 Rc8 33. Qh5 Qg6 34. Qxg6+ Kxg6 35. Rxb4 Rxd3 36. g4 Rd4 37. gxf5+ Kf6 38. Rxb5 Ke7 39. Rb7+ Kf8 40. Rd7 Bf6 41. Rxd4 exd4 42. Re6 Kg7 43. Be4 Rc7 44. Kf1 h5 45. Ke2 h4 46. h3 Kf7 47. Kd3 Kg7 48. Rd6 Kf7 49. Bd5+ Kg7 50. Kc4 Be5 51. Rg6+ Kf8 52. f6 1-0

[Event "European Blitz-ch 2018"]
[Site "Skopje"]
[Date "2018.12.07"]
[Round "11"]
[White "Ragger, Markus"]
[Black "Putka, Verners"]
[Result "1/2-1/2"]
[WhiteElo "2687"]
[BlackElo "2307"]
[Annotator "TA"]
[PlyCount "100"]
[EventDate "2018.12.06"]
[EventType "swiss"]
[EventCountry "MKD"]

1. e4 e5 2. Nf3 Nf6 3. Nxe5 d6 4. Nc4 Nxe4 5. Qe2 Qe7 6. Ne3 c6 7. b3 d5 8. Bb2 Be6 9. g3 Nd7 10. Bg2 O-O-O 11. d3 Nef6 12. Nd2 g6 13. O-O h5 14. Nf3 Bh6 15. Rae1 Rhe8 16. Nd4 Qf8 17. Nxe6 Rxe6 18. Bh3 Ng4 19. Bxg4 hxg4 20. Qxg4 Rde8 21. Ng2 Qc5 22. Qd1 Qa5 23. a4 Ne5 24. Bxe5 Rxe5 25. Rxe5 Rxe5 26. Re1 Qc3 27. Rxe5 Qxe5 28. Ne1 Qc3 29. Qe2 Kd7 30. f4 Bg7 31. Nf3 a5 32. Kg2 b5 33. Qd2 Qb2 34. d4 bxa4 35. bxa4 Qa2 36. Qxa5 Qxc2+ 37. Kh3 Qf5+ 38. Kg2 Qc2+ 39. Kf1 Qd3+ 40. Kf2 Bxd4+ 41. Nxd4 Qxd4+ 42. Ke2 Qe4+ 43. Kf2 Qd4+ 44. Ke2 Qe4+ 45. Kd2 Qd4+ 46. Kc2 Qe4+ 47. Kb3 Qb1+ 48. Ka3 Qa1+ 49. Kb3 Qb1+ 50. Ka3 Qa1+ 1/2-1/2

[Event "European Blitz-ch 2018"]
[Site "Skopje"]
[Date "2018.12.07"]
[Round "11"]
[White "Fridman, Daniel"]
[Black "Esipenko, Andrey"]
[Result "1/2-1/2"]
[WhiteElo "2633"]
[BlackElo "2593"]
[Annotator "TA"]
[PlyCount "92"]
[EventDate "2018.12.06"]
[EventType "swiss"]
[EventCountry "MKD"]

1. d4 Nf6 2. c4 e6 3. Nf3 d5 4. g3 Bb4+ 5. Nc3 O-O 6. Bg2 Nbd7 7. O-O dxc4 8. Qa4 a5 9. a3 Bxc3 10. bxc3 Nb6 11. Qc2 Bd7 12. Bg5 Ba4 13. Qa2 Bb3 14. Qb1 Nbd5 15. Bd2 h6 16. e4 Ne7 17. a4 c6 18. Bc1 b5 19. axb5 cxb5 20. Ba3 b4 21. cxb4 axb4 22. Bxb4 Rxa1 23. Qxa1 Nxe4 24. Ne5 Nf6 25. Qa3 Re8 26. Nc6 Nxc6 27. Bxc6 Nd5 28. Bc5 Qc8 29. Bxe8 Qxe8 30. Rb1 Kh7 31. Rxb3 cxb3 32. Qxb3 Qc6 33. Qd3+ Kg8 34. Qf3 Qb5 35. Kg2 Nf6 36. h4 h5 37. Qa8+ Kh7 38. Qf3 Qd7 39. Qd3+ Kg8 40. Qf3 Ng4 41. Qa8+ Kh7 42. Qe4+ g6 43. Qf3 Nh6 44. Qe4 Nf5 45. Qf3 Kg7 46. Qe4 Qd5 1/2-1/2

[Event "European Blitz-ch 2018"]
[Site "Skopje"]
[Date "2018.12.07"]
[Round "11"]
[White "Salgado Lopez, Ivan"]
[Black "Artemiev, Vladislav"]
[Result "1-0"]
[WhiteElo "2629"]
[BlackElo "2709"]
[PlyCount "60"]
[EventDate "2018.12.06"]
[EventType "swiss"]
[EventCountry "MKD"]

1. e4 c6 2. d4 d5 3. Nc3 dxe4 4. Nxe4 Bf5 5. Ng3 Bg6 6. N1e2 e6 7. Nf4 Qc7 8. c3 Nf6 9. h4 Bd6 10. Qf3 Nbd7 11. h5 Bc2 12. h6 g6 13. Bd3 Bxd3 14. Nxd3 Qa5 15. Bf4 Bxf4 16. Qxf4 g5 17. Qe3 O-O-O 18. Ne4 Nxe4 19. Qxe4 Qd5 20. f3 Rdg8 21. Qxd5 cxd5 22. Kf2 Kc7 23. Rae1 g4 24. f4 Nf6 25. Ne5 Rf8 26. Ke3 Ne4 27. Nxg4 Rhg8 28. Nf2 Rg3+ 29. Ke2 Rxg2 30. Rhf1 Rfg8 1-0

[Event "European Blitz-ch 2018"]
[Site "Skopje"]
[Date "2018.12.07"]
[Round "11"]
[White "Lagarde, Maxime"]
[Black "Stanojoski, Zvonko"]
[Result "1/2-1/2"]
[WhiteElo "2616"]
[BlackElo "2447"]
[Annotator "TA"]
[PlyCount "103"]
[EventDate "2018.12.06"]
[EventType "swiss"]
[EventCountry "MKD"]

1. e4 c5 2. Nc3 Nc6 3. Bb5 Nd4 4. Nf3 Nxb5 5. Nxb5 a6 6. Nc3 b5 7. d4 cxd4 8. Qxd4 Bb7 9. a4 bxa4 10. O-O d6 11. Nd5 Nf6 12. Qxa4+ Nd7 13. Be3 Bxd5 14. exd5 g6 15. Bd4 Rg8 16. Rfe1 Bg7 17. Re2 Bxd4 18. Nxd4 Kf8 19. Rae1 Nb6 20. Qb3 Nc8 21. Nc6 Qb6 22. Qf3 Qxb2 23. Nxe7 Nxe7 24. Rxe7 Rg7 25. Qe3 Qb5 26. c4 Qa4 27. Rc7 Kg8 28. Re7 h5 29. Qe4 Kh7 30. h4 Qb3 31. Qd4 a5 32. g4 Qf3 33. g5 Qg4+ 34. Qxg4 hxg4 35. Rd7 Ra6 36. Re8 f5 37. Rdd8 Rb7 38. Rh8+ Kg7 39. Rdg8+ Kf7 40. Rc8 Kg7 41. Rcg8+ Kf7 42. Rc8 Kg7 43. Ra8 Raa7 44. Rag8+ Kf7 45. Rd8 Kg7 46. Rhe8 a4 47. Rxd6 a3 48. Rdd8 a2 49. Rg8+ Kf7 50. Rgf8+ Kg7 51. Rg8+ Kf7 52. Rgf8+ 1/2-1/2

[Event "European Blitz-ch 2018"]
[Site "Skopje"]
[Date "2018.12.07"]
[Round "11"]
[White "Van Foreest, Jorden"]
[Black "Brkic, Ante"]
[Result "0-1"]
[WhiteElo "2614"]
[BlackElo "2563"]
[Annotator "TA"]
[PlyCount "88"]
[EventDate "2018.12.06"]
[EventType "swiss"]
[EventCountry "MKD"]

1. e4 e5 2. Nf3 Nc6 3. Bc4 Bc5 4. c3 Nf6 5. d3 d6 6. O-O O-O 7. Nbd2 a5 8. h3 h6 9. Re1 Be6 10. b3 Ba7 11. Nf1 d5 12. exd5 Nxd5 13. Bd2 Qf6 14. Ng3 Qg6 15. Bxd5 Bxd5 16. Be3 Bxe3 17. Rxe3 Rfe8 18. Qe2 Rad8 19. Re1 f6 20. Nh4 Qf7 21. Ngf5 Kh7 22. Rg3 g5 23. Nf3 Ne7 24. Ne3 Ng6 25. Nxd5 Qxd5 26. Nh2 Nf4 27. Qc2 Nxd3 28. Ng4 Re6 29. c4 Qd4 30. Rd1 e4 31. Ne3 Qe5 32. Nd5 c6 33. Nc3 f5 34. Re3 Rdd6 35. Rd2 Nb4 36. Qc1 Rxd2 37. Qxd2 Rd6 38. Qe2 Nd3 39. g3 Qxc3 40. Kg2 Qb2 41. Qf1 Ne5 42. g4 Rd3 43. Re2 Rd2 44. Re3 Nd3 0-1

[Event "European Blitz-ch 2018"]
[Site "Skopje"]
[Date "2018.12.07"]
[Round "11"]
[White "Erdos, Viktor"]
[Black "Markoja, Boris"]
[Result "1/2-1/2"]
[WhiteElo "2605"]
[BlackElo "2430"]
[Annotator "RC"]
[PlyCount "67"]
[EventDate "2018.12.06"]
[EventType "swiss"]
[EventCountry "MKD"]

1. Nf3 c5 2. c4 g6 3. e4 Nc6 4. d4 cxd4 5. Nxd4 Nf6 6. Nc3 d6 7. Be2 Nxd4 8. Qxd4 Bg7 9. Be3 O-O 10. Qd2 a5 11. f3 a4 12. Rc1 Qa5 13. Rc2 Rd8 14. Kf2 Bd7 15. Rhc1 Bc6 16. Nd5 Qxd2 17. Bxd2 Nxd5 18. cxd5 Bd7 19. Bc3 Bh6 20. Bd2 Bg7 21. g4 Rdc8 22. Ke3 g5 23. Bc3 Bxc3 24. Rxc3 Kg7 25. Rxc8 Rxc8 26. Rxc8 Bxc8 27. Bb5 a3 28. bxa3 Kf6 29. Kd4 b6 30. Bd3 h6 31. Bb5 Bb7 32. Bc4 Bc8 33. Bb5 Bb7 34. Bc4 1/2-1/2

[Event "European Blitz-ch 2018"]
[Site "Skopje"]
[Date "2018.12.07"]
[Round "11"]
[White "Stevic, Hrvoje"]
[Black "Guseinov, Gadir"]
[Result "0-1"]
[WhiteElo "2587"]
[BlackElo "2664"]
[Annotator "TA"]
[PlyCount "82"]
[EventDate "2018.12.06"]
[EventType "swiss"]
[EventCountry "MKD"]

1. e4 g6 2. d4 Bg7 3. Nf3 d6 4. Bc4 Nf6 5. Qe2 c6 6. Bb3 O-O 7. O-O Bg4 8. Nbd2 c5 9. dxc5 dxc5 10. h3 Bxf3 11. Nxf3 Nc6 12. e5 Ne8 13. Rd1 Qc7 14. Bf4 e6 15. Rd2 Na5 16. Ba4 a6 17. c4 Rb8 18. Rad1 Nxc4 19. Qxc4 b5 20. Qc2 bxa4 21. Qxa4 Qb6 22. b3 Nc7 23. Rd6 Qb4 24. Qxb4 cxb4 25. Bg5 Nd5 26. Rxa6 Rfc8 27. a3 h6 28. Bd2 bxa3 29. Rxa3 Bf8 30. Ra7 Rxb3 31. Ra2 Rd3 32. Rb1 Bc5 33. Rc1 Rxd2 34. Nxd2 Bxf2+ 35. Kxf2 Rxc1 36. Ne4 Rc7 37. Re2 Kg7 38. Kf3 g5 39. g3 Ne7 40. h4 Nc6 41. hxg5 Nd4+ 0-1

[Event "European Blitz-ch 2018"]
[Site "Skopje"]
[Date "2018.12.07"]
[Round "11"]
[White "Saric, Ante"]
[Black "Moroni, Luca Jr"]
[Result "1-0"]
[WhiteElo "2533"]
[BlackElo "2564"]
[Annotator "TA"]
[PlyCount "89"]
[EventDate "2018.12.06"]
[EventType "swiss"]
[EventCountry "MKD"]

1. Nf3 d5 2. g3 Nf6 3. Bg2 e6 4. O-O c5 5. b3 Nc6 6. d4 cxd4 7. Nxd4 Bc5 8. Bb2 O-O 9. Nxc6 bxc6 10. c4 Qe7 11. Qc2 Bb7 12. e3 Rfd8 13. Nd2 a5 14. Rfd1 Rac8 15. Rac1 e5 16. Nf3 Bd6 17. Bc3 a4 18. bxa4 c5 19. cxd5 Nxd5 20. Ba5 Re8 21. Ng5 Qxg5 22. Bxd5 Bxd5 23. Rxd5 Bf8 24. Qc4 Qf6 25. Bc3 Rb8 26. Qe4 Qc6 27. Qc4 e4 28. Rcd1 Qe6 29. a5 h6 30. Qe2 Rb7 31. Re5 Qc8 32. Rxe8 Qxe8 33. Qc4 Qc6 34. Qd5 Qb5 35. Qxe4 Rb8 36. Qd5 Qe2 37. Rc1 c4 38. Be5 Re8 39. Bd4 Qxa2 40. Ra1 Qd2 41. Qc6 Rd8 42. Qxc4 Bb4 43. a6 Be7 44. a7 Ra8 45. Qc6 1-0

[Event "European Blitz-ch 2018"]
[Site "Skopje"]
[Date "2018.12.07"]
[Round "11"]
[White "Popov, Valerij"]
[Black "Belyakov, Bogdan"]
[Result "1-0"]
[WhiteElo "2532"]
[BlackElo "2459"]
[Annotator "TA"]
[PlyCount "149"]
[EventDate "2018.12.06"]
[EventType "swiss"]
[EventCountry "MKD"]

1. Nf3 Nf6 2. c4 g6 3. Nc3 Bg7 4. e4 O-O 5. d4 d6 6. Be2 e5 7. Be3 Na6 8. d5 h6 9. Nd2 Nc5 10. b4 Na6 11. Rb1 c6 12. O-O Qe8 13. a3 h5 14. f3 Nh7 15. Nb3 cxd5 16. Nxd5 Nf6 17. Nxf6+ Bxf6 18. Qxd6 Be6 19. Qd2 Nb8 20. Rfd1 Nc6 21. b5 Nd4 22. Nxd4 exd4 23. Bxd4 Rd8 24. Qe3 Bxd4 25. Rxd4 Qe7 26. Rxd8 Rxd8 27. c5 h4 28. Rc1 Qf6 29. e5 Qe7 30. c6 bxc6 31. bxc6 Qc7 32. f4 Bd5 33. Bf3 Bxf3 34. Qxf3 Rd2 35. Qe3 Rb2 36. e6 Rb8 37. exf7+ Kxf7 38. Qf2 Rb6 39. Qxh4 Kg7 40. f5 Rxc6 41. Qd4+ Kh6 42. Qe3+ Kg7 43. Rxc6 Qxc6 44. fxg6 Qc4 45. Qxa7+ Kxg6 46. Qe3 Qa2 47. h3 Qb1+ 48. Kh2 Qa2 49. Qg3+ Kh7 50. Qc7+ Kh6 51. Qd6+ Kh7 52. Qb4 Qc2 53. Qh4+ Kg6 54. a4 Qa2 55. Qg4+ Kh7 56. h4 Qa3 57. g3 Qa1 58. Qe4+ Kh6 59. Qf4+ Kh7 60. Qf5+ Kh6 61. a5 Qa2+ 62. Kh3 Qa1 63. Qe6+ Kh7 64. a6 Qh1+ 65. Kg4 Qd1+ 66. Kf4 Qc1+ 67. Kf5 Qc5+ 68. Qe5 Qf2+ 69. Kg4 Qa7 70. Qf5+ Kh6 71. Qg5+ Kh7 72. Qf5+ Kh6 73. Qf4+ Kh7 74. Qe4+ Kh6 75. Qc6+ 1-0

[Event "European Blitz-ch 2018"]
[Site "Skopje"]
[Date "2018.12.07"]
[Round "11"]
[White "Jovanovic, Zoran"]
[Black "Saveliev, Alexei"]
[Result "1-0"]
[WhiteElo "2518"]
[BlackElo "2360"]
[Annotator "TA"]
[PlyCount "66"]
[EventDate "2018.12.06"]
[EventType "swiss"]
[EventCountry "MKD"]

1. e4 c5 2. Nc3 e6 3. Nge2 a6 4. g3 b5 5. Bg2 Bb7 6. O-O Nf6 7. d3 d6 8. h3 Nbd7 9. f4 h5 10. Be3 Qc7 11. Qd2 d5 12. exd5 exd5 13. d4 Rd8 14. Rae1 Be7 15. f5 O-O 16. Nf4 Nb6 17. b3 b4 18. Nce2 c4 19. Kh2 Rfe8 20. Bf3 h4 21. Rg1 Ne4 22. Bxe4 dxe4 23. Ref1 Bd6 24. Kh1 Rc8 25. gxh4 Kh8 26. Nh5 Bf8 27. Nef4 cxb3 28. cxb3 Qc2 29. Qe1 Qxa2 30. Qg3 Rc3 31. f6 g6 32. Nxg6+ fxg6 33. Qxg6 Bd5 1-0

[Event "European Blitz-ch 2018"]
[Site "Skopje"]
[Date "2018.12.07"]
[Round "11"]
[White "Potapov, Pavel"]
[Black "Ivic, Velimir"]
[Result "1-0"]
[WhiteElo "2516"]
[BlackElo "2497"]
[Annotator "TA"]
[PlyCount "81"]
[EventDate "2018.12.06"]
[EventType "swiss"]
[EventCountry "MKD"]

1. e4 c5 2. Nf3 d6 3. Nc3 Nf6 4. e5 dxe5 5. Nxe5 a6 6. a4 Nbd7 7. Nc4 e6 8. a5 Be7 9. Be2 O-O 10. O-O Qc7 11. d3 Nd5 12. Ne4 f5 13. Ng5 Ne5 14. Re1 Nxc4 15. dxc4 Nf4 16. Nf3 Ng6 17. Bg5 Bxg5 18. Nxg5 Qe7 19. Qc1 e5 20. Bh5 Rf6 21. f4 e4 22. Qe3 Bd7 23. Bxg6 Rxg6 24. Nf3 Rd6 25. Qxc5 Rc8 26. Qb4 Re6 27. Qxe7 Rxe7 28. Ne5 g5 29. g3 Be6 30. b3 gxf4 31. gxf4 Kg7 32. Kf2 Kf6 33. Rg1 Rd8 34. Rad1 Ree8 35. Rxd8 Rxd8 36. Ke3 Rc8 37. Rd1 Rc5 38. b4 Rc8 39. Rd6 Ke7 40. Rb6 Rc7 41. c5 1-0

[Event "European Blitz-ch 2018"]
[Site "Skopje"]
[Date "2018.12.07"]
[Round "11"]
[White "Sanal, Vahap"]
[Black "Laznicka, Viktor"]
[Result "1-0"]
[WhiteElo "2490"]
[BlackElo "2675"]
[PlyCount "62"]
[EventDate "2018.12.06"]
[EventType "swiss"]
[EventCountry "MKD"]

1. e4 c5 2. Nf3 Nc6 3. Nc3 e6 4. d4 cxd4 5. Nxd4 Qc7 6. Be3 a6 7. Bd3 Nf6 8. O-O d6 9. f4 Be7 10. Qf3 O-O 11. Rae1 Nb4 12. Rc1 Bd7 13. a3 Nxd3 14. cxd3 Qb8 15. g4 h6 16. h4 Nh7 17. g5 hxg5 18. hxg5 Rc8 19. Kg2 Nf8 20. Qh5 Be8 21. Rh1 f5 22. Qh8+ Kf7 23. exf5 exf5 24. Nxf5 Ne6 25. Qh5+ Kf8 26. g6 Bc6+ 27. Ne4 Ke8 28. Qg4 Kd7 29. Nd4 Bd5 30. Rh5 Rxc1 31. Rxd5 Rc7 1-0

[Event "European Blitz-ch 2018"]
[Site "Skopje"]
[Date "2018.12.07"]
[Round "11"]
[White "Zajic, Milan"]
[Black "Loginov, Valery A"]
[Result "1-0"]
[WhiteElo "2488"]
[BlackElo "2478"]
[Annotator "TA"]
[PlyCount "125"]
[EventDate "2018.12.06"]
[EventType "swiss"]
[EventCountry "MKD"]

1. e4 c5 2. Nf3 Nc6 3. d4 cxd4 4. Nxd4 e5 5. Nb5 d6 6. c4 Be7 7. N1c3 a6 8. Na3 Nf6 9. Nc2 O-O 10. Bd3 Nd7 11. O-O Nc5 12. Nd5 Be6 13. Nxe7+ Qxe7 14. b3 Rfb8 15. Ne3 b5 16. Nd5 Bxd5 17. cxd5 Nd4 18. Bb2 Rc8 19. f4 Nxd3 20. Qxd3 Nc2 21. Rac1 Nb4 22. Qg3 f6 23. fxe5 fxe5 24. a3 Nc2 25. Qh3 Rc7 26. Qd3 Rac8 27. Qd2 Nd4 28. Rxc7 Qxc7 29. Bxd4 exd4 30. Qxd4 Qc5 31. Qxc5 Rxc5 32. Rf3 Rc2 33. Re3 Kf7 34. e5 dxe5 35. Rxe5 Rc3 36. Re6 Rxb3 37. Rxa6 Rd3 38. d6 Ke6 39. d7+ Kxd7 40. Ra7+ Ke6 41. Rxg7 Rxa3 42. Rxh7 Ra2 43. Rb7 Rb2 44. h4 Kf5 45. Rg7 Kf6 46. Rg5 b4 47. Rb5 b3 48. Kh2 Kg6 49. Kh3 Rb1 50. g3 Kh6 51. Kg4 Kg7 52. Rb6 Kh7 53. Kh5 Kg7 54. g4 Kf7 55. Kg5 Kg7 56. h5 Kf7 57. Rb7+ Kf8 58. h6 b2 59. Rb8+ Kf7 60. h7 Rh1 61. Rxb2 Kg7 62. h8=Q+ Kxh8 63. Kg6 1-0

[Event "European Blitz-ch 2018"]
[Site "Skopje"]
[Date "2018.12.07"]
[Round "11"]
[White "Dvirnyy, Danyyil"]
[Black "Pezelj, Novak"]
[Result "1-0"]
[WhiteElo "2485"]
[BlackElo "2475"]
[Annotator "TA"]
[PlyCount "73"]
[EventDate "2018.12.06"]
[EventType "swiss"]
[EventCountry "MKD"]

1. Nf3 d6 2. d4 f5 3. c4 Nf6 4. Nc3 g6 5. Bg5 Bg7 6. Qc2 O-O 7. O-O-O Nbd7 8. h3 c6 9. e3 a6 10. Kb1 b5 11. Bd3 e5 12. e4 f4 13. c5 exd4 14. Nxd4 Ne5 15. Bxf4 Nxd3 16. Rxd3 dxc5 17. Ne6 Bxe6 18. Rxd8 Rfxd8 19. Rd1 Ne8 20. Be3 c4 21. Ne2 Bf6 22. Bd4 c5 23. Bxc5 Rac8 24. Bd4 Be7 25. Nf4 Bf7 26. Bb6 Rxd1+ 27. Qxd1 Rc6 28. Nd5 Bf8 29. Bd4 b4 30. Qa4 Re6 31. f3 c3 32. bxc3 bxc3 33. Bxc3 Rd6 34. Be5 Rd8 35. Qc6 Nd6 36. Nf6+ Kg7 37. Ne8+ 1-0